00500nam a2200181Ia 450000500170000000800410001702000180005804100080007608200150008410000210009924500540012025000120017426000390018630000090022550000280023465000120026270000440027420251121140019.0230125s9999 xx 000 0 und d a9788131403051 aeng a158.1bKUM akumar V V R, Ed. aEffective Presentation SkillsbThe Key to Success a1st Ed. c2006bICFAI publicationaHyderabad a203p aPersonality Development aHRM Gen akumar V V R, Ed. & Abhyankar M W, Donor